000 00710nam a22002177a 4500
999 _c7020
_d7020
001 7020
003 BD-JhCC
005 20180416100211.0
008 180204b xxu||||| |||| 00| 0 eng d
035 _a(BD-JhCC)7020
040 _aBD-JhCC
_dBD-JhCC
041 _aeng
082 _a928
_bISH 1974
100 _aইসহাক, শামসুদ্দীন মুহাম্মদ
245 _aবিশ্বপ্রেমিক রুমি /
_cশামসুদ্দীন মুহাম্মদ ইসহাক
260 _aঢাকা :
_bইসলামিক ফাউন্ডেশন,
_c1974.
300 _a197 p. :
_c21 cm.
650 _aBiography
942 _2ddc
_cBK